000 01246nam a22003017a 4500
005 20080929101452.0
008 080929t xxu||||| |||| 00| 0chin d
010 _aHIN-92170
020 _a8189364189
_c500.00
035 _aHN-64516
037 _bDBAD / PUB
040 _aDPL
_bHN
082 _a320.92
100 _926640
_aमिश्रा, महेन्द्र
245 _aपाश्चात्य राजनीतिक विचारक /
_cमहेन्द्र मिश्रा
246 _aPaschataya Rajnitik Vicharak
_bby Mahendar Mishra
260 _aदिल्ली
_bचेतना प्रकाशन
_c2010
270 _aआत्माराम बिल्डिंग,1376, कश्मीरी गेट,
_bदिल्ली
_e110006
300 _a328पृ.
_c22सेमी (सजिल्द)
650 _9697
650 _926793
650 _926674
650 _9698
700 _926643
710 _926662
942 _2ddc
_cHN
_h320.92
_mमिश्राम
999 _c51257
_d51257